Pio XII a los esposos / (Registro nro. 8934)

Detalles MARC
000 -CABECERA
Campo de control interno 01702nam a2200241Ia 4500
008 - ELEMENTOS DE LONGITUD FIJA - INFORMACIÓN GENERAL
Campo de control de longitud fija 260220t9999||||xx |||||||||||||| ||spa||
040 ## - FUENTE DE CATALOGACIÓN
Agencia de catalogación original PY-SlUNAC
Idioma de catalogación spa
Convenciones de descripción rda
041 ## - CÓDIGO DE IDIOMA
Código de idioma para texto/pista de sonido o título separado spa
082 ## - NÚMERO DE CLASIFICACIÓN DECIMAL DEWEY
Clasificación Decimal Dewey (CDD) 808.85
Clasificación Expansiva de Cutter (EC) P634p
100 ## - ASIENTO PRINCIPAL - NOMBRE PERSONAL
Nombre personal Pellegrino, P. Francisco
Rol del autor Autor
245 #0 - TÍTULO
Título Pio XII a los esposos /
Mención de responsabilidad por P. Francisco Pellegrino [Autor]
264 ## - PIE DE IMPRENTA
Lugar Barcelona :
Editorial Libreria Religiosa,
Año [Fecha de publicación no identificada].
300 ## - DESCRIPCIÓN FÍSICA
Páginas 1 volumen
520 ## - NOTA DE RESUMEN
Nota de resumen El libro "Pio XII a los esposos" de P. Francisco Pellegrino explora la enseñanza y las orientaciones del Papa Pío XII en relación con el matrimonio y la vida conyugal. A través de una serie de discursos, cartas y documentos papales, Pellegrino destaca la importancia del amor conyugal como un reflejo del amor divino, subrayando la sacramentalidad del matrimonio. El autor también aborda temas como la responsabilidad de los esposos en la educación de los hijos, la fidelidad y la unidad en el matrimonio, así como el papel de la familia en la sociedad. Pellegrino presenta las enseñanzas de Pío XII en un contexto histórico, analizando su impacto en la moral y la ética familiar en el siglo XX. El libro se convierte en una guía práctica y espiritual para las parejas, ofreciendo consejos y reflexiones que buscan fortalecer los lazos conyugales y fomentar una convivencia armoniosa, enraizada en los valores cristianos y en la dignidad de la institución matrimonial.
653 ## - MATERIA - TÉRMINO TEMÁTICO NO CONTROLADO (PALABRAS CLAVE)
Materia - término temático no controlado (palabras clave) Educación religiosa
653 ## - MATERIA - TÉRMINO TEMÁTICO NO CONTROLADO (PALABRAS CLAVE)
Materia - término temático no controlado (palabras clave) Familia
653 ## - MATERIA - TÉRMINO TEMÁTICO NO CONTROLADO (PALABRAS CLAVE)
Materia - término temático no controlado (palabras clave) Religión
942 ## - ELEMENTOS PERSONALIZADOS (KOHA)
Fecha catalogación 2026/02/17
Tipo de documento Libros
Existencias
Fuente de Clasificacion Colección Ubicacion permanente Biblioteca actual Fecha de Ingreso a la Biblioteca Origen de adquisición Código de ubicación Código de barras Tipo de Item KOHA Nota pública
Dewey Decimal Classification Colección General (CG) Biblioteca e Internet, Facultad de Ciencias Exactas y Naturales Biblioteca e Internet, Facultad de Ciencias Exactas y Naturales 02/20/2026 Donación 808.85 P634p CG2294 Libros Material disponible en la Biblioteca e Intenet, Campus UNA, San Lorenzo.